| 000 | 00592nam a22001817a 4500 | ||
|---|---|---|---|
| 005 | 20221214100608.0 | ||
| 008 | 221214b ||||| |||| 00| 0 eng d | ||
| 040 | _cAL | ||
| 041 | _aEnglish | ||
| 082 |
_223 _a331.4 _bKAUT |
||
| 100 |
_aAmarjeet Kaur _965850 |
||
| 245 |
_aThird National Conference : All India Anganwadi Workers Federation _b22-24 September 2003 |
||
| 260 |
_aNew Delhi _bALL India Anganwadi Workers Fedreration _c2003 |
||
| 300 |
_a38 p. _bPB _c21x14 cm. |
||
| 650 |
_aConference All India Anganwadi Workers _965851 |
||
| 700 |
_aKAUR (Amarjeet) _965852 |
||
| 942 |
_2ddc _cGF |
||
| 999 |
_c225700 _d225700 |
||